000 00756cam a2200205 4500
001 WB3541-17
008 000000n1999 000 0 eng u
035 _a(Sirsi) u100666
245 _aGovernment moves on gazumping
260 _c1999
490 _aTimes Weekend
_v 16 October 1999, 14
490 _aDaily Telegraph
_v Money go Round 16 October 1999, B3(3)
520 _aReviews the government's new measures to prevent gazumping, including sellers having to pay for surveys before putting their homes on the market.
590 _aWB
650 _aPROPERTY-RESIDENTIAL PROPERTY-ACQUISITION AND DISPOSAL OF RESIDENTIAL PROPERTY
650 _aANTI-GAZUMPING LEGISLATION
650 _aSELLERS INFORMATION PACKS
690 _aHOUSING
942 _n0
999 _c60209
_d60209